| 000 | 00617nam a2200217 a 4500 | ||
|---|---|---|---|
| 005 | 20140311163025.0 | ||
| 008 | 080206s19uu xx 00 eng d | ||
| 020 | _a0324360851 | ||
| 050 |
_aHD 31 _b.L388 2007 |
||
| 100 | _aLewis, Pamela S. | ||
| 245 |
_aManagement : _bchallenges for tomorrow's leaders / _cPamela S. Lewis |
||
| 260 |
_aAustralia : _bSouth-Western, _c2007. |
||
| 300 |
_a553 p. : _bcol. ill. ; _c28 cm. |
||
| 521 | _aBSBA | ||
| 650 | _aManagement. | ||
| 700 | _aGoodman, Stephen | ||
| 700 | _aFandt, Patricia M. | ||
| 700 | _aMichlitsch, Joseph F. | ||
| 942 |
_cBK _2lcc _kFOR |
||
| 999 |
_c39533 _d39533 |
||